Bayer Leverkusen 2020's Starting XI - Statistics

General Stats
  • This quiz has been taken 3,692 times
    1,235 since last reset
  • The average score is 19 of 32
Answer Stats
Player % Correct
Granit Xhaka
96%
Patrik Schick
96%
Patrik Schick
96%
Florian Wirtz
93%
Jeremie Frimpong
93%
Lukáš Hrádecký
93%
Jonathan Tah
92%
Edmond Tapsoba
90%
Victor Boniface
87%
Piero Hincapié
86%
Álex Grimaldo
85%
Exequiel Palacios
80%
Leon Bailey
77%
Robert Andrich
70%
Robert Andrich
70%
Moussa Diaby
63%
Odilon Kossounou
54%
Jonas Hofmann
51%
Nathan Tella
51%
Charles Aránguiz
49%
Kai Havertz
45%
Adam Hložek
43%
Amine Adli
36%
Mitchel Bakker
34%
Lars Bender
32%
Sven Bender
32%
Wendell
30%
Kerem Demirbay
27%
Kevin Volland
24%
Daley Sinkgraven
19%
Nadiem Amiri
19%
Aleksandar Dragović
17%
No matching quizzes found
Score Distribution
Percent of People with Each Score
Percentile by Number Answered
Your Score History
You have not taken this quiz since the last reset